Normal view
MARC view
Entry Personal Name
001 - CONTROL NUMBER
- control field: 4540
003 - CONTROL NUMBER IDENTIFIER
- control field: BD-RjUL
005 - DATE AND TIME OF LATEST TRANSACTION
- control field: 20220830095826.0
008 - FIXED-LENGTH DATA ELEMENTS
- fixed length control field: 220830|| aca||aabn | a|a d
040 ## - CATALOGING SOURCE
- Original cataloging agency: BD-RjUL
- Transcribing agency: BD-RjUL
100 ## - HEADING--PERSONAL NAME
- Personal name: Islam, Md. Razzaqul
670 ## - SOURCE DATA FOUND
- Source citation: Work cat.: (BD-RjUL)80257: Islam, Md. Razzaqul, Water Governance in Drought-Prone Barind Area, Bangladesh :, 2017